<?xml version="1.0" encoding="UTF-8"?>
<record
    xmlns:xsi="http://www.w3.org/2001/XMLSchema-instance"
    xsi:schemaLocation="http://www.loc.gov/MARC21/slim http://www.loc.gov/standards/marcxml/schema/MARC21slim.xsd"
    xmlns="http://www.loc.gov/MARC21/slim">

  <leader>02356nam a22002297a 4500</leader>
  <controlfield tag="008">250516b        |||||||| |||| 00| 0 eng d</controlfield>
  <datafield tag="020" ind1=" " ind2=" ">
    <subfield code="a">9791035825720</subfield>
  </datafield>
  <datafield tag="040" ind1=" " ind2=" ">
    <subfield code="c">tbs</subfield>
  </datafield>
  <datafield tag="041" ind1=" " ind2=" ">
    <subfield code="a">spa</subfield>
    <subfield code="a">fre</subfield>
  </datafield>
  <datafield tag="050" ind1=" " ind2=" ">
    <subfield code="a">PQ6653 </subfield>
    <subfield code="b">H57 B84 2022</subfield>
  </datafield>
  <datafield tag="100" ind1=" " ind2=" ">
    <subfield code="a">Chirbes, Rafael</subfield>
    <subfield code="d">1949-2015</subfield>
    <subfield code="9">25264</subfield>
    <subfield code="e">author</subfield>
  </datafield>
  <datafield tag="245" ind1=" " ind2=" ">
    <subfield code="a">La buena letra</subfield>
    <subfield code="c">/ Rafael Chirbes.</subfield>
  </datafield>
  <datafield tag="260" ind1=" " ind2=" ">
    <subfield code="a">Paris : </subfield>
    <subfield code="b">Belin &#xC9;ducation,</subfield>
    <subfield code="c">2022.</subfield>
  </datafield>
  <datafield tag="300" ind1=" " ind2=" ">
    <subfield code="a">204 pages ; </subfield>
    <subfield code="c">19 cm.</subfield>
  </datafield>
  <datafield tag="490" ind1=" " ind2=" ">
    <subfield code="a">No tan cl&#xE1;sicos, </subfield>
    <subfield code="v">2822-8480.</subfield>
  </datafield>
  <datafield tag="505" ind1=" " ind2=" ">
    <subfield code="a">Marginal vocabulary notes (in French and Spanish) &#x2014; A comprehensive file to understand the work, its characters, major themes, and its context &#x2014; Quizzes to memorize the essentials in a playful manner &#x2014; Activities to improve in English, thanks to the text of an exceptional author &#x2014; Contains exercises in the form of quizzes. The work is accompanied by a downloadable pedagogical guide at belin-education.com.</subfield>
  </datafield>
  <datafield tag="520" ind1=" " ind2=" ">
    <subfield code="a">Au soir d'une existence meurtrie par la guerre civile espagnole, Ana r&#xE9;pond &#xE0; l'amn&#xE9;sie historique par le r&#xE9;cit de sa vie, qu'elle livre &#xE0; son fils. En raccomodant les fragments de sa m&#xE9;moire familiale, elle r&#xE8;gle ses comptes avec tous ceux qui, de leur plus belle &#xE9;criture, trahissent les leurs. Ces souvenirs de lutte et d'efforts incessants qui ont compos&#xE9; sa vie l'emplissent d'amertume autant qu'ils en r&#xE9;habilitent la dignit&#xE9; </subfield>
  </datafield>
  <datafield tag="520" ind1=" " ind2=" ">
    <subfield code="a">Al atardecer de una existencia marcada por la guerra civil espa&#xF1;ola, Ana responde a la amnesia hist&#xF3;rica con el relato de su vida, que entrega a su hijo. Al recomponer los fragmentos de su memoria familiar, salda cuentas con todos aquellos que, con su m&#xE1;s bella caligraf&#xED;a, traicionan a los suyos. Estos recuerdos de lucha y de esfuerzos constantes que conformaron su vida la llenan de amargura tanto como le devuelven la dignidad.</subfield>
  </datafield>
  <datafield tag="520" ind1=" " ind2=" ">
    <subfield code="a">At the twilight of a life scarred by the Spanish Civil War, Ana responds to historical amnesia by recounting her life story, which she shares with her son. As she pieces together the fragments of her family memory, she settles accounts with all those who, in their finest handwriting, betray their own. These memories of struggle and relentless effort that shaped her life fill her with bitterness, even as they restore her dignity.</subfield>
  </datafield>
  <datafield tag="650" ind1=" " ind2="0">
    <subfield code="a">Spanish language </subfield>
    <subfield code="x">Study and teaching </subfield>
    <subfield code="x">Foreign speakers</subfield>
    <subfield code="9">12080</subfield>
  </datafield>
  <datafield tag="942" ind1=" " ind2=" ">
    <subfield code="2">lcc</subfield>
  </datafield>
  <datafield tag="952" ind1=" " ind2=" ">
    <subfield code="0">0</subfield>
    <subfield code="1">0</subfield>
    <subfield code="2">lcc</subfield>
    <subfield code="4">0</subfield>
    <subfield code="7">0</subfield>
    <subfield code="a">TBS</subfield>
    <subfield code="b">TBS</subfield>
    <subfield code="d">2025-05-16</subfield>
    <subfield code="l">0</subfield>
    <subfield code="o">READER-SP CHI</subfield>
    <subfield code="p">B05725</subfield>
    <subfield code="r">2025-05-16</subfield>
    <subfield code="t">1</subfield>
    <subfield code="w">2025-05-16</subfield>
    <subfield code="y">SPANISH</subfield>
  </datafield>
  <datafield tag="999" ind1=" " ind2=" ">
    <subfield code="c">4677</subfield>
    <subfield code="d">4677</subfield>
  </datafield>
</record>
